00509nam a2200169 i 450000100060000000300090000600500170001500700030003200800410003508000360007610000340011224500640014626000300021030000210024060000440026185200340030517665ES-MaACL20240219213310.0t|010423s1975 sp ||||1| spa d a929 Franco Bahamonde, Francisco1 aMeléndez de Arvas, Cecilia.11a¿Franco predestinado? / cpor Cecilia Meléndez de Arvas. a[Oviedo : bs.n., c1975] a30 p. ; c16 cm.14aFranco Bahamonde, Francisco,d1892-1975 aES-MaACLj2162-F-5 bR.125567